ბათუმის შოთა რუსთაველის სახელმწიფო უნივერსიტეტის ბიბლიოთეკა

მშობლიური აგრონომიული მეცნიერება ნიადაგის ნაყოფიერების შესახებ და სოციალისტური მიწათმოქმედების კულტურა. (ბიბ.ჩანაწერი № 44714)

000 -LEADER
fixed length control field 01090nam a2200205Ia 4500
001 - CONTROL NUMBER
control field 11519
003 - CONTROL NUMBER IDENTIFIER
control field GE_BSU
008 - FIXED-LENGTH DATA ELEMENTS--GENERAL INFORMATION
fixed length control field 181216s||||||||xx |||||||||||||| ||und||
040 ## - CATALOGING SOURCE
Transcribing agency GE_BSU
080 ## - UNIVERSAL DECIMAL CLASSIFICATION NUMBER
Universal Decimal Classification number 631.452+631.519
100 ## - MAIN ENTRY--PERSONAL NAME
Personal name ცხომარია,დ.
245 ## - TITLE STATEMENT
Title მშობლიური აგრონომიული მეცნიერება ნიადაგის ნაყოფიერების შესახებ და სოციალისტური მიწათმოქმედების კულტურა.
245 ## - TITLE STATEMENT
Statement of responsibility, etc. რედ:დ.ცალქალამანიძე.
260 ## - PUBLICATION, DISTRIBUTION, ETC.
Place of publication, distribution, etc. თბილისი.
260 ## - PUBLICATION, DISTRIBUTION, ETC.
Name of publisher, distributor, etc. სახელგამი.
260 ## - PUBLICATION, DISTRIBUTION, ETC.
Date of publication, distribution, etc. 1953.
300 ## - PHYSICAL DESCRIPTION
Extent 381გვ;21სმ.
653 ## - INDEX TERM--UNCONTROLLED
Uncontrolled term მშობლიური აგრონომიული მეცნიერება ნიადაგის ნაყოფიერების შესახებ და სოციალისტური მიწათმოქმედების კულტურა.
942 ## - ADDED ENTRY ELEMENTS (KOHA)
Koha item type წიგნი
ეგზემპლარები
Withdrawn status Lost status Damaged status Not for loan Date acquired Barcode Date last seen Price effective from Koha item type
        2018-12-17 19641 2018-12-17 2018-12-17 წიგნი